[Event "VIE Cup"]
[Site "Bac Giang"]
[Date "2018.06.04"]
[Round "8"]
[White "Nguyen, Duy Trung"]
[Black "Vu, Hoang Gia Bao"]
[Result "1-0"]
[WhiteElo "1906"]
[BlackElo "1642"]
[PlyCount "45"]
[EventDate "2018.05.30"]
[EventType "swiss"]
[EventRounds "9"]
[EventCountry "VIE"]
[SourceTitle "CBM 184 Extra"]
[Source "ChessBase"]
[SourceDate "2018.06.28"]
[SourceVersion "1"]
[SourceVersionDate "2018.06.28"]
[SourceQuality "1"]

1. c4 c5 2. Nc3 Nc6 3. g3 Nf6 4. Bg2 g6 5. e4 Bg7 6. Nge2 d6 7. 0-0 0-0 8. Rb1 a6 9. a3 Rb8 10. b4 cxb4 11. axb4 b5 12. cxb5 axb5 13. d4 Nd7 14. Be3 Ba6 15. Ra1 Qc8 16. Qb3 Nb6 17. d5 Ne5 18. Rfd1 Nbc4 19. Bd4 Qb7 20. Ra2 Ra8 21. Rda1 Ng4 22. h3 Nge5 23. Kh2 1-0

[Event "VIE Cup"]
[Site "Bac Giang"]
[Date "2018.06.03"]
[Round "7"]
[White "Pham, Anh Kien1"]
[Black "Nguyen, Duy Trung"]
[Result "0-1"]
[WhiteElo "1329"]
[BlackElo "1906"]
[PlyCount "48"]
[EventDate "2018.05.30"]
[EventType "swiss"]
[EventRounds "9"]
[EventCountry "VIE"]
[SourceTitle "CBM 184 Extra"]
[Source "ChessBase"]
[SourceDate "2018.06.28"]
[SourceVersion "1"]
[SourceVersionDate "2018.06.28"]
[SourceQuality "1"]

1. d4 Nf6 2. Nf3 e6 3. Nbd2 c5 4. c3 d5 5. e3 Bd6 6. Bd3 0-0 7. 0-0 Nc6 8. Qe2 Qc7 9. e4 cxd4 10. cxd4 dxe4 11. Nxe4 Be7 12. Nxf6+ Bxf6 13. Qe4 g6 14. Bf4 Qb6 15. Bh6 Rd8 16. Qf4 Bg7 17. Ng5 f6 18. Bxg7 Kxg7 19. Nf3 Nxd4 20. Be4 Ne2+ 21. Kh1 Nxf4 22. g3 Nd3 23. Kg2 e5 24. b3 Be6 0-1

[Event "VIE Cup"]
[Site "Bac Giang"]
[Date "2018.06.02"]
[Round "5"]
[White "Nguyen, Duy Trung"]
[Black "Nguyen, Minh Chi Thien"]
[Result "1-0"]
[WhiteElo "1906"]
[BlackElo "1901"]
[PlyCount "92"]
[EventDate "2018.05.30"]
[EventType "swiss"]
[EventRounds "9"]
[EventCountry "VIE"]
[SourceTitle "CBM 184 Extra"]
[Source "ChessBase"]
[SourceDate "2018.06.28"]
[SourceVersion "1"]
[SourceVersionDate "2018.06.28"]
[SourceQuality "1"]

1. c4 d6 2. Nc3 Nf6 3. e4 g6 4. g3 Bg7 5. Bg2 0-0 6. Nge2 Nbd7 7. 0-0 c5 8. Rb1 Rb8 9. d3 a6 10. b4 Re8 11. f4 cxb4 12. Rxb4 Ng4 13. h3 Bxc3 14. Nxc3 Qa5 15. a3 Ngf6 16. Kh2 Nf8 17. d4 Ne6 18. Bb2 b5 19. e5 dxe5 20. fxe5 Nh5 21. d5 Nc5 22. cxb5 axb5 23. Qd4 Na6 24. Qf2 f6 25. exf6 exf6 26. Re4 Bf5 27. Rxe8+ Rxe8 28. g4 Qc7+ 29. Kg1 Ng3 30. gxf5 Nxf1 31. Bxf1 b4 32. Nb5 Qd7 33. fxg6 Qg7 34. d6 Qxg6+ 35. Qg2 bxa3 36. Bxa3 Rd8 37. Bc4+ Kf8 38. Qxg6 hxg6 39. Nc7 Nb8 40. Ne6+ Ke8 41. Nxd8 Kxd8 42. Bb5 Nd7 43. Bxd7 Kxd7 44. Kg2 g5 45. Kg3 Ke6 46. Kg4 Kd7 1-0

[Event "VIE Cup"]
[Site "Bac Giang"]
[Date "2018.05.31"]
[Round "3"]
[White "Do, An Hoa1"]
[Black "Nguyen, Duy Trung"]
[Result "1-0"]
[WhiteElo "1909"]
[BlackElo "1906"]
[PlyCount "51"]
[EventDate "2018.05.30"]
[EventType "swiss"]
[EventRounds "9"]
[EventCountry "VIE"]
[SourceTitle "CBM 184 Extra"]
[Source "ChessBase"]
[SourceDate "2018.06.28"]
[SourceVersion "1"]
[SourceVersionDate "2018.06.28"]
[SourceQuality "1"]

1. d4 d5 2. e3 Nf6 3. Bd3 g6 4. Nd2 Bg7 5. Ngf3 0-0 6. b4 c6 7. 0-0 Qd6 8. a3 Nbd7 9. Bb2 Nh5 10. c4 e6 11. e4 dxe4 12. Nxe4 Qc7 13. Rc1 Rd8 14. Qb3 Nf4 15. Rfd1 Nxd3 16. Rxd3 Nf6 17. Nxf6+ Bxf6 18. d5 Bxb2 19. Qxb2 exd5 20. cxd5 Be6 21. Qd2 Bf5 22. d6 Qd7 23. Rd4 f6 24. Re1 Re8 25. h3 Rad8 26. Re7 1-0

[Event "VIE Cup"]
[Site "Bac Giang"]
[Date "2018.05.31"]
[Round "2"]
[White "Nguyen, Duy Trung"]
[Black "Tran, Duc Tu"]
[Result "1/2-1/2"]
[WhiteElo "1906"]
[BlackElo "1905"]
[PlyCount "61"]
[EventDate "2018.05.30"]
[EventType "swiss"]
[EventRounds "9"]
[EventCountry "VIE"]
[SourceTitle "CBM 184 Extra"]
[Source "ChessBase"]
[SourceDate "2018.06.28"]
[SourceVersion "1"]
[SourceVersionDate "2018.06.28"]
[SourceQuality "1"]

1. e4 c5 2. Nf3 d6 3. d4 cxd4 4. Nxd4 Nf6 5. Nc3 g6 6. Be2 Bg7 7. Be3 0-0 8. f3 Nc6 9. Qd2 d5 10. Nxc6 bxc6 11. 0-0-0 Qa5 12. a3 Be6 13. Bd4 Rfd8 14. exd5 cxd5 15. g4 Rac8 16. h4 h5 17. Rdg1 hxg4 18. h5 Ne4 19. fxe4 dxe4 20. hxg6 Rxd4 21. gxf7+ Bxf7 22. Qe3 Rxc3 23. Qxc3 Rd1+ 24. Bxd1 Bxc3 25. Rxg4+ Kf8 26. bxc3 Qxc3 27. Rxe4 Qxa3+ 28. Kd2 Qa5+ 29. Kc1 Qg5+ 30. Kb2 Qb5+ 31. Kc1 1/2-1/2

[Event "VIE-ch"]
[Site "Ho Chi Minh City"]
[Date "2018.05.03"]
[Round "9"]
[White "Tu, Hoang Thong"]
[Black "Nguyen, Duy Trung"]
[Result "1-0"]
[WhiteElo "2422"]
[BlackElo "1906"]
[PlyCount "43"]
[EventDate "2018.04.27"]
[EventType "swiss"]
[EventRounds "9"]
[EventCountry "VIE"]
[SourceTitle "CBM 184 Extra"]
[Source "ChessBase"]
[SourceDate "2018.06.28"]
[SourceVersion "1"]
[SourceVersionDate "2018.06.28"]
[SourceQuality "1"]

1. b3 d5 2. Bb2 Bf5 3. e3 Nd7 4. f4 e5 5. fxe5 Qh4+ 6. g3 Qe4 7. Nf3 Bg4 8. Bg2 Nxe5 9. Bxe5 Bxf3 10. Qxf3 Qxe5 11. Qxd5 Qxa1 12. Qxb7 Qxb1+ 13. Ke2 Qxc2 14. Bc6+ Ke7 15. Qxc7+ Kf6 16. Rf1+ Kg6 17. Qxf7+ Kh6 18. Bxa8 Nf6 19. Rxf6+ gxf6 20. Qxf6+ Qg6 21. Qxh8 Qh5+ 22. Ke1 1-0

[Event "VIE-ch"]
[Site "Ho Chi Minh City"]
[Date "2018.04.30"]
[Round "6"]
[White "Nguyen, Phuoc Tam"]
[Black "Nguyen, Duy Trung"]
[Result "1/2-1/2"]
[WhiteElo "2210"]
[BlackElo "1906"]
[PlyCount "54"]
[EventDate "2018.04.27"]
[EventType "swiss"]
[EventRounds "9"]
[EventCountry "VIE"]
[SourceTitle "CBM 184 Extra"]
[Source "ChessBase"]
[SourceDate "2018.06.28"]
[SourceVersion "1"]
[SourceVersionDate "2018.06.28"]
[SourceQuality "1"]

1. Nf3 Nf6 2. g3 g6 3. Bg2 Bg7 4. 0-0 d5 5. d3 0-0 6. Nbd2 Nc6 7. c3 e5 8. e4 Be6 9. Qc2 Nd7 10. Ng5 d4 11. Nxe6 fxe6 12. Nb3 Qe7 13. Bd2 a5 14. cxd4 a4 15. Nc1 Nxd4 16. Qd1 Rfd8 17. Ne2 Nc5 18. Nxd4 Rxd4 19. Be3 Rd7 20. Bxc5 Qxc5 21. Bh3 Qe7 22. Qc2 Rd4 23. Rac1 c6 24. Qc5 Qd7 25. Rfd1 Re8 26. Bg4 Qc7 27. Rc4 h5 1/2-1/2

[Event "VIE-ch"]
[Site "Ho Chi Minh City"]
[Date "2018.04.29"]
[Round "4"]
[White "Nguyen, Duy Trung"]
[Black "Tran, Manh Tien"]
[Result "1/2-1/2"]
[WhiteElo "1906"]
[BlackElo "2289"]
[PlyCount "67"]
[EventDate "2018.04.27"]
[EventType "swiss"]
[EventRounds "9"]
[EventCountry "VIE"]
[SourceTitle "CBM 184 Extra"]
[Source "ChessBase"]
[SourceDate "2018.06.28"]
[SourceVersion "1"]
[SourceVersionDate "2018.06.28"]
[SourceQuality "1"]

1. c4 Nf6 2. Nc3 e5 3. g3 Bb4 4. Bg2 0-0 5. e4 Bxc3 6. dxc3 d6 7. Ne2 a6 8. 0-0 b5 9. cxb5 axb5 10. Qc2 Nbd7 11. c4 bxc4 12. Qxc4 Nc5 13. Qc2 Be6 14. Be3 Nfd7 15. b4 Na4 16. Rfc1 c5 17. bxc5 Ndxc5 18. Nc3 Qa5 19. Nxa4 Nxa4 20. Bd2 Qa7 21. Bb4 Rfd8 22. a3 h6 23. Qd2 Nc5 24. Bxc5 dxc5 25. Qc3 Rd4 26. a4 Qa5 27. Bf1 Qxc3 28. Rxc3 Raxa4 29. Rxa4 Rxa4 30. Rxc5 Rxe4 31. f3 Re3 32. Kf2 Ra3 33. Rxe5 Ra2+ 34. Re2 1/2-1/2

[Event "Hanoi HD Bank op-B 8th"]
[Site "Hanoi"]
[Date "2018.03.12"]
[Round "4"]
[White "Bui, Thi Diep Anh"]
[Black "Nguyen, Duy Trung"]
[Result "0-1"]
[WhiteElo "1682"]
[BlackElo "1956"]
[PlyCount "90"]
[EventDate "2018.03.10"]
[EventType "swiss"]
[EventRounds "9"]
[EventCountry "VIE"]
[SourceTitle "CBM 183 Extra"]
[Source "ChessBase"]
[SourceDate "2018.04.19"]
[SourceVersion "1"]
[SourceVersionDate "2018.04.19"]
[SourceQuality "1"]

1. e4 c5 2. Nf3 Nc6 3. d4 cxd4 4. Nxd4 g6 5. Nc3 Bg7 6. Be3 Nf6 7. Bc4 0-0 8. f3 Qb6 9. Bb3 Nxe4 10. Nd5 Qa5+ 11. c3 Nc5 12. Nxc6 dxc6 13. Nxe7+ Kh8 14. Nxc8 Nxb3 15. axb3 Qe5 16. Kf2 Raxc8 17. Rxa7 Rfe8 18. Qc1 Re7 19. Ra4 f5 20. f4 Qd5 21. Qd1 Qf7 22. Re1 c5 23. b4 b5 24. Ra5 cxb4 25. cxb4 Qf6 26. Rxb5 Qxb2+ 27. Re2 Qf6 28. Rd5 Re4 29. b5 Rce8 30. g3 Qe7 31. Qd3 Qb4 32. Rd8 h6 33. Rxe8+ Rxe8 34. b6 Kh7 35. Qd7 Re7 36. Qd5 Re4 37. Rc2 Qb1 38. Rc8 h5 39. Qg8+ Kh6 40. Rc7 Qb2+ 41. Kf3 Rxe3+ 42. Kxe3 Qxb6+ 43. Kf3 Qxc7 44. Qe8 Qc3+ 45. Kg2 Qd2+ 0-1

[Event "VIE-chT"]
[Site "Ho Chi Minh City"]
[Date "2017.07.26"]
[Round "4.6"]
[White "Nguyen, Duy Trung"]
[Black "Hoang, Canh Huan"]
[Result "0-1"]
[WhiteElo "1962"]
[BlackElo "2408"]
[PlyCount "56"]
[EventDate "2017.07.24"]
[EventType "team-swiss"]
[EventRounds "9"]
[EventCountry "VIE"]
[SourceTitle "EXT 2019"]
[Source "ChessBase"]
[SourceDate "2018.10.10"]
[SourceVersion "1"]
[SourceVersionDate "2018.10.10"]
[SourceQuality "1"]

1. e4 g6 2. d4 Bg7 3. c4 d6 4. Nc3 Nf6 5. Bd3 0-0 6. Nge2 c5 7. d5 e6 8. 0-0 exd5 9. exd5 Ng4 10. Ng3 f5 11. h3 Ne5 12. f4 Nxd3 13. Qxd3 Na6 14. a3 Bd7 15. Rb1 Nc7 16. b3 a6 17. Bb2 b5 18. Nce2 Bxb2 19. Rxb2 a5 20. Rfb1 Qf6 21. Nf1 Rfe8 22. Neg3 a4 23. bxa4 bxc4 24. Qf3 Qd4+ 25. Kh2 Qxd5 26. Qc3 Rxa4 27. Rd2 Qe6 28. Rb6 Nd5 0-1

[Event "VIE-chT"]
[Site "Ho Chi Minh City"]
[Date "2017.07.24"]
[Round "2.28"]
[White "Nguyen, Duy Trung"]
[Black "Nguyen, Minh Chi Thien"]
[Result "1-0"]
[WhiteElo "1962"]
[BlackElo "1995"]
[PlyCount "89"]
[EventDate "2017.07.24"]
[EventType "team-swiss"]
[EventRounds "9"]
[EventCountry "VIE"]
[SourceTitle "EXT 2019"]
[Source "ChessBase"]
[SourceDate "2018.10.10"]
[SourceVersion "1"]
[SourceVersionDate "2018.10.10"]
[SourceQuality "1"]

1. e4 c5 2. Nf3 Nc6 3. d4 cxd4 4. Nxd4 Nf6 5. Nc3 e5 6. Ndb5 d6 7. Bg5 a6 8. Na3 b5 9. Nd5 Be7 10. Bxf6 gxf6 11. Bd3 Be6 12. c3 f5 13. Nxe7 Nxe7 14. exf5 Bxf5 15. Bxf5 Nxf5 16. Qf3 Ne7 17. Nc2 d5 18. Qf6 Ng6 19. Qc6+ Kf8 20. 0-0-0 Kg7 21. Qxd5 Qg5+ 22. Kb1 Nf4 23. Qe4 Rhe8 24. g3 Nh3 25. Rhf1 Rad8 26. Rxd8 Rxd8 27. f4 exf4 28. gxf4 Qxf4 29. Qg2+ Ng5 30. a3 Qd2 31. Qg4 Kf8 32. h4 Qd3 33. Qf4 Qe4 34. Qxg5 Rd6 35. Qc5 Qd3 36. Qf5 Qc4 37. Nd4 Ke8 38. Re1+ Kf8 39. Qxh7 Rg6 40. Qh8+ Rg8 41. Qh6+ Rg7 42. Rg1 Qd3+ 43. Ka2 Qh7 44. Qxg7+ Qxg7 45. Rxg7 1-0

[Event "VIE-ch"]
[Site "Hanoi"]
[Date "2017.04.21"]
[Round "8"]
[White "Pham, Xuan Dat"]
[Black "Nguyen, Duy Trung"]
[Result "0-1"]
[WhiteElo "2157"]
[BlackElo "1928"]
[PlyCount "124"]
[EventDate "2017.04.16"]
[EventType "swiss"]
[EventRounds "11"]
[EventCountry "VIE"]
[SourceTitle "CBM 178 Extra"]
[Source "ChessBase"]
[SourceDate "2017.06.22"]
[SourceVersion "1"]
[SourceVersionDate "2017.06.22"]
[SourceQuality "1"]

1. d4 d5 2. c4 c6 3. Nf3 Nf6 4. Nc3 a6 5. e3 e6 6. c5 Nbd7 7. b4 g6 8. Bb2 Bg7 9. Bd3 0-0 10. h3 Qc7 11. Ne2 Ne8 12. 0-0 e5 13. dxe5 Nxe5 14. Nxe5 Bxe5 15. Qc2 Bxb2 16. Qxb2 Qe7 17. Rae1 Nc7 18. e4 dxe4 19. Nd4 Qf6 20. Bxe4 Nb5 21. Rd1 Bxh3 22. a4 Nxd4 23. Qxd4 Qxd4 24. Rxd4 Be6 25. b5 axb5 26. axb5 cxb5 27. Rb1 Ra4 28. Rxa4 bxa4 29. Bxb7 a3 30. Ra1 a2 31. c6 Rb8 32. Rxa2 Bxa2 33. c7 Rf8 34. c8Q Rxc8 35. Bxc8 Kg7 36. Bb7 Kf6 37. Bc6 Ke5 38. g3 g5 39. Bb7 h5 40. Kh2 Bd5 41. Ba6 Bf3 42. Bc4 Bd5 43. Be2 g4 44. Kg1 Kf5 45. Bd3+ Kg5 46. Bc2 f5 47. Bd3 Be4 48. Bb5 f4 49. Be8 f3 50. Bb5 Kf6 51. Be8 Bg6 52. Bb5 Ke5 53. Kf1 Kd4 54. Kg1 Kc3 55. Bd7 Kd2 56. Kf1 Bd3+ 57. Kg1 Ke1 58. Be6 h4 59. gxh4 g3 60. Bh3 gxf2+ 61. Kh2 f1Q 62. Bxf1 Kxf1 0-1

[Event "VIE-ch"]
[Site "Hanoi"]
[Date "2017.04.20"]
[Round "6"]
[White "Pham, Minh Hieu"]
[Black "Nguyen, Duy Trung"]
[Result "0-1"]
[WhiteElo "1986"]
[BlackElo "1928"]
[PlyCount "72"]
[EventDate "2017.04.16"]
[EventType "swiss"]
[EventRounds "11"]
[EventCountry "VIE"]
[SourceTitle "CBM 178 Extra"]
[Source "ChessBase"]
[SourceDate "2017.06.22"]
[SourceVersion "1"]
[SourceVersionDate "2017.06.22"]
[SourceQuality "1"]

1. e4 c5 2. Nf3 Nc6 3. d4 cxd4 4. Nxd4 g6 5. Nc3 Bg7 6. Be3 Nf6 7. Bc4 0-0 8. f3 a6 9. Qd2 Nxd4 10. Bxd4 b5 11. Bb3 d6 12. 0-0-0 Bd7 13. Nd5 Nxd5 14. Bxd5 Rc8 15. Bxg7 Kxg7 16. Qd4+ Kg8 17. e5 Qc7 18. Bb3 d5 19. Qxd5 Be6 20. Qe4 Bf5 21. Qe2 a5 22. c3 b4 23. c4 Qc6 24. Rd4 Be6 25. Kb1 a4 26. Bc2 Bxc4 27. Qd2 Bxa2+ 28. Kxa2 b3+ 29. Bxb3 axb3+ 30. Kxb3 Qe6+ 31. Ka3 Ra8+ 32. Ra4 Rxa4+ 33. Kxa4 Ra8+ 34. Kb4 Qb6+ 35. Kc4 Rc8+ 36. Kd3 Rd8+ 0-1

[Event "VIE-ch"]
[Site "Bac Giang"]
[Date "2016.06.28"]
[Round "9"]
[White "Duong, Thuong Cong"]
[Black "Nguyen, Duy Trung"]
[Result "0-1"]
[WhiteElo "2054"]
[BlackElo "1962"]
[PlyCount "76"]
[EventDate "2016.06.22"]
[EventType "swiss"]
[EventRounds "9"]
[EventCountry "VIE"]
[SourceTitle "EXT 2017"]
[Source "ChessBase"]
[SourceDate "2016.10.25"]
[SourceVersion "1"]
[SourceVersionDate "2016.10.25"]
[SourceQuality "1"]

1. e4 c5 2. c3 d5 3. exd5 Qxd5 4. Nf3 Nc6 5. d4 cxd4 6. cxd4 Bg4 7. Nc3 Bxf3 8. Nxd5 Bxd1 9. Nc7+ Kd7 10. Nxa8 Bg4 11. Bb5 e6 12. f3 Bf5 13. h4 h5 14. d5 exd5 15. Be3 Bb4+ 16. Kf2 Nge7 17. a3 Bd6 18. Nb6+ axb6 19. b4 Be5 20. Rad1 Ra8 21. a4 Bd6 22. Bd2 Kd8 23. Bc3 f6 24. g4 hxg4 25. fxg4 Be4 26. Rhe1 Kc7 27. Rc1 Ng6 28. a5 Nxh4 29. a6 Nf3 30. Re3 Bf4 31. Bb2 Bxe3+ 32. Kxe3 Rxa6 33. Bxa6 bxa6 34. Ba3 b5 35. Kf4 Nfe5 36. Rg1 Nc4 37. Bc1 Nxb4 38. Kg3 Nd3 0-1

[Event "VIE-ch"]
[Site "Bac Giang"]
[Date "2016.06.27"]
[Round "8"]
[White "Nguyen, Duy Trung"]
[Black "Le, Huu Thai"]
[Result "1/2-1/2"]
[WhiteElo "1962"]
[BlackElo "2160"]
[PlyCount "30"]
[EventDate "2016.06.22"]
[EventType "swiss"]
[EventRounds "9"]
[EventCountry "VIE"]
[SourceTitle "EXT 2017"]
[Source "ChessBase"]
[SourceDate "2016.10.25"]
[SourceVersion "1"]
[SourceVersionDate "2016.10.25"]
[SourceQuality "1"]

1. e4 e5 2. Nf3 Nf6 3. Nc3 Nc6 4. Bb5 Bb4 5. d3 d6 6. 0-0 0-0 7. h3 h6 8. Be3 Ne7 9. a3 Ba5 10. b4 Bb6 11. Qd2 Ng6 12. Ne2 Ne7 13. Nc3 Ng6 14. Ne2 Ne7 15. Nc3 Ng6 1/2-1/2

[Event "VIE-ch"]
[Site "Bac Giang"]
[Date "2016.06.22"]
[Round "2"]
[White "Nguyen, Duy Trung"]
[Black "To, Nhat Minh"]
[Result "0-1"]
[WhiteElo "1962"]
[BlackElo "2313"]
[PlyCount "86"]
[EventDate "2016.06.22"]
[EventType "swiss"]
[EventRounds "9"]
[EventCountry "VIE"]
[SourceTitle "EXT 2017"]
[Source "ChessBase"]
[SourceDate "2016.10.25"]
[SourceVersion "1"]
[SourceVersionDate "2016.10.25"]
[SourceQuality "1"]

1. e4 Nf6 2. e5 Nd5 3. c4 Nb6 4. d4 d6 5. exd6 cxd6 6. Nc3 g6 7. Bd3 Bg7 8. Nge2 0-0 9. 0-0 d5 10. c5 N6d7 11. Bg5 h6 12. Bf4 e5 13. dxe5 Nxc5 14. Bc2 Nc6 15. Qxd5 Qxd5 16. Nxd5 Nxe5 17. Rad1 Be6 18. Be3 Na6 19. Bb3 Nc6 20. Nef4 Bxd5 21. Bxd5 Nab4 22. Bb3 g5 23. Nd5 Nxd5 24. Bxd5 Rac8 25. f4 Rfe8 26. Bc1 g4 27. Kh1 Bf6 28. f5 h5 29. a3 b6 30. b3 Kg7 31. Rd2 Nd4 32. Bb2 Nc2 33. Bxf6+ Kxf6 34. Kg1 Red8 35. Rc1 Nxa3 36. Rxc8 Rxc8 37. Ra2 Rc1+ 38. Kf2 Rc2+ 39. Rxc2 Nxc2 40. h3 gxh3 41. gxh3 Nd4 42. Kg3 Nxf5+ 43. Kf4 Nd4 0-1

[Event "Ho Chi Minh City HD Bank op-B 6th"]
[Site "Ho Chi Minh City"]
[Date "2016.03.12"]
[Round "7"]
[White "Tan, Jun Yi Royce"]
[Black "Nguyen, Duy Trung"]
[Result "0-1"]
[WhiteElo "1702"]
[BlackElo "2008"]
[PlyCount "74"]
[EventDate "2016.03.08"]
[EventType "swiss"]
[EventRounds "9"]
[EventCountry "VIE"]
[SourceTitle "CBM 171 Extra"]
[Source "ChessBase"]
[SourceDate "2016.04.26"]
[SourceVersion "1"]
[SourceVersionDate "2016.04.26"]
[SourceQuality "1"]

1. e4 c5 2. Nf3 Nf6 3. e5 Nd5 4. c3 Nc6 5. d4 cxd4 6. cxd4 e6 7. Nc3 Nxc3 8. bxc3 d6 9. exd6 Bxd6 10. Bd3 Bd7 11. Be3 Ne7 12. Ng5 Nf5 13. Bxf5 exf5 14. Nf3 f4 15. Bd2 Bb5 16. Qb3 Qe7+ 17. Ne5 a6 18. 0-0-0 Bxe5 19. Rhe1 0-0 20. Rxe5 Qf6 21. Qc2 Rfc8 22. Qf5 Qb6 23. Rc5 Rd8 24. Qc2 Qd6 25. Rh5 Qa3+ 26. Qb2 Qxb2+ 27. Kxb2 Be2 28. Bxf4 Bxh5 29. f3 Re8 30. Rd2 f6 31. d5 Bf7 32. d6 Bc4 33. Ka3 Re2 34. Rd4 Be6 35. Kb4 Rb2+ 36. Ka5 Rxa2+ 37. Kb6 Rb2+ 0-1

[Event "Ho Chi Minh City HD Bank op-B 6th"]
[Site "Ho Chi Minh City"]
[Date "2016.03.11"]
[Round "6"]
[White "Nguyen, Duy Trung"]
[Black "Bach, Ngoc Thuy Duong"]
[Result "1/2-1/2"]
[WhiteElo "2008"]
[BlackElo "1763"]
[PlyCount "134"]
[EventDate "2016.03.08"]
[EventType "swiss"]
[EventRounds "9"]
[EventCountry "VIE"]
[SourceTitle "CBM 171 Extra"]
[Source "ChessBase"]
[SourceDate "2016.04.26"]
[SourceVersion "1"]
[SourceVersionDate "2016.04.26"]
[SourceQuality "1"]

1. e4 c5 2. Nf3 d6 3. d4 cxd4 4. Nxd4 Nf6 5. Nc3 a6 6. Be2 e6 7. Be3 Qc7 8. a4 b6 9. 0-0 Bb7 10. f3 Nbd7 11. a5 bxa5 12. Nb3 Be7 13. Nxa5 0-0 14. Qd2 Rfc8 15. Ra2 d5 16. Nxb7 Qxb7 17. exd5 Nxd5 18. Nxd5 Qxd5 19. Qxd5 exd5 20. c3 a5 21. Rd1 Nf6 22. Bd4 h6 23. Rda1 Rab8 24. Rb1 Bd8 25. Kf1 Rb3 26. Bd1 Rb5 27. Ke2 Kf8 28. Kd2 Ng8 29. Be2 Rb3 30. Kc2 Rbb8 31. Rd1 Ne7 32. f4 Rc6 33. Bf3 f6 34. Bf2 Rb5 35. Ra4 Bb6 36. Be2 Rb4 37. Bxb6 Rxa4 38. Bb5 Rxb6 39. Bxa4 Re6 40. Bb5 Nf5 41. Kc1 Ne3 42. Rd2 Ke7 43. b3 Rb6 44. Re2 Rxb5 45. Rxe3+ Kd6 46. Kc2 Rb8 47. f5 Rb7 48. Re8 Rc7 49. Re6+ Kc5 50. Ra6 Kb5 51. Ra8 Re7 52. Kd3 Re5 53. g4 h5 54. h3 hxg4 55. hxg4 Re4 56. Rd8 Rxg4 57. Rxd5+ Kb6 58. Rd4 Rg3+ 59. Kc4 Rf3 60. Rd6+ Kc7 61. Rd5 Kb6 62. b4 axb4 63. cxb4 Rf4+ 64. Kb3 Rf1 65. Kc3 Rf3+ 66. Kc4 Rf4+ 67. Kb3 Rf1 1/2-1/2

[Event "Ho Chi Minh City HD Bank op-B 6th"]
[Site "Ho Chi Minh City"]
[Date "2016.03.09"]
[Round "3"]
[White "Nguyen, Thanh Thuy Tien"]
[Black "Nguyen, Duy Trung"]
[Result "0-1"]
[WhiteElo "1870"]
[BlackElo "2008"]
[PlyCount "90"]
[EventDate "2016.03.08"]
[EventType "swiss"]
[EventRounds "9"]
[EventCountry "VIE"]
[SourceTitle "CBM 171 Extra"]
[Source "ChessBase"]
[SourceDate "2016.04.26"]
[SourceVersion "1"]
[SourceVersionDate "2016.04.26"]
[SourceQuality "1"]

1. e4 c5 2. Nf3 Nf6 3. e5 Nd5 4. c3 Nc6 5. Bc4 Nb6 6. Bb3 c4 7. Bc2 g6 8. Qe2 Bg7 9. 0-0 0-0 10. a4 d5 11. d4 cxd3 12. Bxd3 Bg4 13. Bf4 Nd7 14. Nbd2 Ndxe5 15. h3 Bxf3 16. Nxf3 Nxd3 17. Qxd3 e5 18. Nxe5 Nxe5 19. Bxe5 Bxe5 20. Rad1 Bf6 21. Qf3 Qb6 22. a5 Qc6 23. Rxd5 Rad8 24. Rfd1 Rxd5 25. Rxd5 Re8 26. Qd1 Re1+ 27. Qxe1 Qxd5 28. a6 bxa6 29. Qe3 Kg7 30. g3 Qb7 31. Qe2 a5 32. Qc2 Qc6 33. Qb3 Qb6 34. Qa3 Qb5 35. Qa1 a4 36. Qc1 Qb3 37. Qd2 a3 38. bxa3 Qxa3 39. c4 Qc5 40. Qa2 a5 41. Kg2 Qb4 42. Kg1 a4 43. c5 a3 44. c6 Qb2 45. Qc4 a2 0-1

[Event "VIE-chT"]
[Site "Ho Chi Minh City"]
[Date "2015.07.20"]
[Round "5.16"]
[White "Nguyen, Duy Trung"]
[Black "Lu, Chan Hung"]
[Result "1-0"]
[WhiteElo "2008"]
[BlackElo "2229"]
[PlyCount "132"]
[EventDate "2015.07.16"]
[EventType "team-swiss"]
[EventRounds "9"]
[EventCountry "VIE"]
[SourceTitle "EXT 2016"]
[Source "ChessBase"]
[SourceDate "2015.10.08"]
[SourceVersion "1"]
[SourceVersionDate "2015.10.08"]
[SourceQuality "1"]

1. e4 c5 2. Nf3 Nf6 3. Nc3 d5 4. exd5 Nxd5 5. Bb5+ Nc6 6. Ne5 Nxc3 7. dxc3 Qxd1+ 8. Kxd1 a6 9. Bxc6+ bxc6 10. Be3 f6 11. Nc4 e5 12. Nd2 Bf5 13. b3 0-0-0 14. Kc1 Be7 15. Kb2 Rd7 16. Nc4 Kc7 17. Rad1 Rhd8 18. Kc1 Be6 19. Nb2 c4 20. b4 f5 21. Na4 Rxd1+ 22. Rxd1 Rxd1+ 23. Kxd1 f4 24. Bb6+ Kc8 25. Bc5 Bf6 26. Bd6 g5 27. Nc5 Bf5 28. Nxa6 e4 29. Kd2 f3 30. gxf3 exf3 31. Nc5 g4 32. a4 Bh4 33. Ke3 Bg5+ 34. Bf4 Bf6 35. Ne4 Be7 36. a5 Kb7 37. Bh6 Ka6 38. Bg7 Kb5 39. Kf4 Bc8 40. Bd4 Be6 41. Bf6 Bf8 42. Ng5 Bh6 43. Ke5 Bc8 44. Ne6 Be3 45. Nc7+ Ka4 46. Bh4 Ba7 47. Kd6 c5 48. Nd5 Kb5 49. Nc7+ Ka4 50. b5 Kxa5 51. Kc6 Bb8 52. Bg3 Bf5 53. Kxc5 h5 54. Nd5 Bxg3 55. hxg3 Be6 56. Ne3 Bf7 57. b6 Ka6 58. Kc6 Bg6 59. Kc7 Be4 60. Nxc4 Bd5 61. Ne3 Bb7 62. c4 Be4 63. c5 Kb5 64. b7 Bxb7 65. Kxb7 Kxc5 66. c3 Kd6 1-0

[Event "VIE-chT"]
[Site "Ho Chi Minh City"]
[Date "2015.07.16"]
[Round "1.41"]
[White "Nguyen, Duy Trung"]
[Black "Vo, Pham Thien Phuc"]
[Result "1/2-1/2"]
[WhiteElo "2008"]
[BlackElo "1630"]
[PlyCount "87"]
[EventDate "2015.07.16"]
[EventType "team-swiss"]
[EventRounds "9"]
[EventCountry "VIE"]
[SourceTitle "EXT 2016"]
[Source "ChessBase"]
[SourceDate "2015.10.08"]
[SourceVersion "1"]
[SourceVersionDate "2015.10.08"]
[SourceQuality "1"]

1. e4 c5 2. Nf3 d6 3. d4 cxd4 4. Nxd4 Nf6 5. Nc3 g6 6. Be2 Bg7 7. Be3 Nc6 8. f3 0-0 9. Qd2 Nxd4 10. Bxd4 Be6 11. 0-0-0 Qa5 12. a3 Rfc8 13. g4 Rab8 14. Nb1 Qa4 15. Nc3 Qa5 16. Nb1 Qa4 17. Nc3 Qa5 18. g5 Ne8 19. Bxg7 Nxg7 20. f4 b5 21. Nd5 Qxd2+ 22. Rxd2 Bxd5 23. Rxd5 Ne6 24. Rf1 Rc5 25. Rxc5 dxc5 26. Bg4 Nd4 27. Rd1 e6 28. b4 Nc6 29. bxc5 b4 30. Rd6 bxa3 31. Rxc6 a2 32. Ra6 Rb1+ 33. Kd2 a1Q 34. Rxa1 Rxa1 35. Kc3 Kf8 36. f5 Ra3+ 37. Kd4 Ra4+ 38. c4 Ke7 39. f6+ Kd8 40. Bxe6 fxe6 41. f7 Ke7 42. c6 Ra6 43. Kc5 Ra5+ 44. Kb4 1/2-1/2